00263nam a22000977a 4500008004100000082001300041100003000054245003200084260004000116300000900156230619b xxu||||| |||| 00| 0 eng d a170bMUJ cNjoroge and G.A. Bennaars aSocial Education and Ethics aNairobibGeneral Printers Ltdc1986 a188p